Responses for show #7675 - Friday, January 12, 2018

Gilbert Collins game 3.

Contestants

[<< previous game]

Alisha Mathalikunnel, a medical student from Alhambra, California

Alex Cook, a consultant from Saint Paul, Minnesota

Gilbert Collins, a university administrator from Princeton, New Jersey (whose 2-day cash winnings total $22,798)

[next game >>]

Jeopardy! Round responses

JANUARY
POP CULTURE GOLD & SILVER
IT'S RAINING "MEN"
MUMMY DEAREST
OREGON
SO YOU'VE BEEN INDICTED
    $200 22
Martin Luther King, Jr.

Alisha
    $200 17
the Golden Globes

Gilbert
    $200 7
dimensions

Alex
    $200 6
(Gilbert: What is Chile?)

Peru

GilbertAlisha
    $200 16
recycling

Alisha
    $200 1
perjury

Gilbert
    $400 23
the Ganges

Alisha
    $400 27
(Gilbert: What are bronze medals?)

silver medals

GilbertAlisha
    $400 8
a regimen

Alex
    $400 12
the Alps

Alex
    $400 18
a rattlesnake

Alex
    $400 2
larceny

Alex
    $600 24
wolf month

Triple Stumper
    $600 28
Entourage

Alex
    $600 9
a specimen

Alex
    $600 13
an autopsy

Alisha
    $600 19
Portlandia

Alisha
    $600 3
conspiracy

Gilbert
    $800 25
(Alisha: What is Jan. 12th?)

January 6

Alisha
Triple Stumper
    $800 29
(Gilbert: Who is Durant?)

Curry

GilbertAlisha
    $800 10
cement shoes

Alex
    $800 14
a fen (or a bog)

Alex
    $800 20
Eugene

Alisha
    $800 4
kidnapping

Gilbert
    $1000 26
a carnation

Alex
    $1000 30
the Silver Surfer

Alex
    $1000 11
amenable

Alisha
    $2,000 15
(Alex Trebek: Alex?)
(Alex Cook: I don't--i don't know.)

Howard Carter

Alex
    $1000 21
(Alex: Hence, Astoria.)

John Jacob Astor

Triple Stumper
    $1000 5
forgery

Gilbert

Scores at the first commercial break (after clue 15):

Gilbert Alex Alisha
$2,400 $1,600 $1,800

Scores at the end of the Jeopardy! Round:

Gilbert Alex Alisha
$1,400 $4,600 $4,400

Double Jeopardy! Round responses

TITLES FROM POETRY
11-LETTER WORDS
ONE-HIT WONDERS
GET WITH THE PROGRAM!
WE USED TO MAKE THAT CAR
PUBLIC ANEMONE
    $400 11
(Robert) Frost

Gilbert
    $400 6
placekicker

Gilbert
    $400 13
"Don't Worry, Be Happy"

Gilbert
    $400 1
the Marine Corps

Gilbert
    $400 22
(Alex Trebek: Less than a minute now.)

a Cadillac

Alisha
    $400 17
tubers

Gilbert
    $800 12
Virgil

Alex
    $800 7
disarmament

Gilbert
    $800 23
"Mambo No. 5"

Alisha
    $800 2
the Moon

Alex
    $800 25
Honda

Gilbert
    $800 18
paralyze

Gilbert
    $3,000 14
(Gilbert: Who are Robert Burns and...)

Robert Burns and John Steinbeck

Gilbert
    $1200 8
technophile

Gilbert
    $1200 3
Denmark

Gilbert
    $1200 26
Chrysler

Alex
    $1200 19
fission

Alisha
    $1600 15
(Alex Cook: What is This Side of Paradise?)

Tender is the Night

Alex
Triple Stumper
    $1600 9
spontaneous

Alisha
    $1600 24
"Bad Day"

Gilbert
    $1600 4
(Gilbert: What is the Oort Cloud?)
(Alisha: What is the asteroid belt?)

the Kuiper belt

GilbertAlexAlisha
    $1600 27
Volkswagen

Triple Stumper
    $1600 20
symbiotic

Gilbert
    $2000 16
All the King's Men

Alex
    $2000 10
(Alisha: What is nearsightedness?)

astigmatism

GilbertAlisha
    $2000 29
[The end-of-round signal sounds.]

The Waitresses

Triple Stumper
    $2,500 5
(Alex Trebek: Alex?)
(Alex Cook: What is the... Marshall program?)

the Fulbright

Alex
    $2000 28
(Alisha: What is Ford?)

Stutz

Alisha
Triple Stumper
    $2000 21
Adonis

Gilbert

Scores at the end of the Double Jeopardy! Round:

Gilbert Alex Alisha
$10,800 $6,900 $2,800

[wagering suggestions for these scores]

Final Jeopardy! Round responses

AFRICAN COUNTRIES
(Alex Trebek: [To Alex Cook] [*] is number three. Nigeria and Ethiopia are ahead of it.)
AlishaWhat is Morrocco?
$2,000
AlexWhat is Egypt?
$3,901
GilbertWhat is Egypt?
$3,001
Egypt

Final scores:

Gilbert Alex Alisha
$13,801 $10,801 $800
3-day champion: $36,599 2nd place: $2,000 3rd place: $1,000

Game dynamics:

Coryat scores:

Gilbert Alex Alisha
$13,800 $11,400 $2,800
19 R,
5 W
(including 1 DD)
16 R,
3 W
(including 2 DDs)
14 R,
4 W

Combined Coryat: $28,000

The J! Archive is created by fans, for fans. The Jeopardy! game show and all elements thereof, including but not limited to copyright and trademark thereto, are the property of Jeopardy Productions, Inc. and are protected under law. This website is not affiliated with, sponsored by, or operated by Jeopardy Productions, Inc. Join the discussion at JBoard.tv.